000
00258nam a22001097a 4500
008
170116b xxu||||| |||| 00| 0 eng d
020
_a
9780801666674
041
_a
eng
080
_a
618.2
245
_a
FUNDAMENTALS OF NURSING
_c
POTTER & PERRY
942
_2
udc
_c
BK
999
_c
2934
_d
2934